| 000 | 00978nam a2200289Ia 4500 | ||
|---|---|---|---|
| 003 | OSt | ||
| 005 | 20221005092755.0 | ||
| 006 | a|||||r|||| 00| 0 | ||
| 007 | ta | ||
| 008 | 221004b |||||||| |||| 00| 0 eng d | ||
| 020 |
_a9781461493655 (hbk) _c7565.23 |
||
| 024 | _a25780 | ||
| 037 |
_b240, 22/03/2016, Excel Book International _cTextual |
||
| 040 |
_aCRL _cCRL _beng |
||
| 041 |
_2eng _aeng |
||
| 082 | _aS:(Y:45:5), Q4 | ||
| 100 |
_aSims Gregory K. Ed. _9617751 |
||
| 245 | 0 |
_aPersonal peacefulness _b Psychological perspectives |
|
| 260 |
_aNew York _bSpringer U.S.A. _c2014 |
||
| 300 |
_axiii, 285p. _ccm. |
||
| 490 | _aPeace psychology book series | ||
| 650 | _aPSYCHOLOGY | ||
| 700 |
_a Nelson Linden L. Ed. _9617752 |
||
| 700 |
_a Puopolo Mindy R. Ed. _9617753 |
||
| 942 |
_hS:(Y:45:5), Q4 _cTEXL _2cc |
||
| 999 |
_c999349 _d999349 |
||